All OHL Teams Quiz - Statistics

General Stats
  • This quiz has been taken 133 times
  • The average score is 16 of 20
Answer Stats
Hint Answer % Correct
Knights London
96%
67's Ottawa
94%
Otters Erie
92%
Colts Barrie
90%
Generals Oshawa
89%
Rangers Kitchener
88%
Bulldogs Hamilton
84%
Frontenacs Kingston
84%
Spitfires Windsor
84%
Sting Sarnia
82%
IceDogs Niagara
79%
Storm Guelph
78%
Attack Owen Sound
78%
Firebirds Flint
76%
Battalion North Bay
74%
Petes Peterborough
74%
Steelheads Mississauga
70%
Wolves Sudbury
69%
Greyhounds Sault Ste. Marie
67%
Spirit Saginaw
64%
No matching quizzes found
Score Distribution
Percent of People with Each Score
Percentile by Number Answered
Your Score History
You have not taken this quiz